00648nam a2200181 i 450000100060000000300090000600500170001500700030003200800410003510000460007624501170012226000600023930000210029950000190032070000460033970000220038585200590040719785ES-MaACL20230906152151.0t|021015s1917 sp ||||1| spa d1 aÁlvarez Quintero, Serafín,d1871-193813aLa historia de Sevilla b: romance / cSerafín y Joaquín Alvarez Quintero ; con música de Francisco Bravo. aMadrid : b[s.n.], c1917 (fImp. Clásica Española) a22 p. ; c18 cm. aSolo la letra.1 aÁlvarez Quintero, Joaquín,d1873-19441 aBravo, Francisco. aES-MaACLjF-8656(4) q. - Encuadernado con otras obras